000 00336nam a2200169Ia 4500
100 _aGanesan/V
650 _aengines
250 _a4
942 _cBK
366 _f20
654 _ainternal
245 _aInternal combustion engines
260 _bMcGraw Hill
_c2012
082 _a621.4
_bGAN
300 _a730
546 _aENGLISH
999 _c25207
_d25207